| 000 | 01668cam a22003018a 4500 | ||
|---|---|---|---|
| 001 | 15020204 | ||
| 005 | 20100216111530.0 | ||
| 008 | 070924s2008 mau f 000 0 eng | ||
| 010 | _a 2007038709 | ||
| 020 | _a0205569218 (alk. paper) | ||
| 020 | _a9780205569212 (alk. paper) | ||
| 040 |
_aDLC _cDLC _dDLC |
||
| 050 | 0 | 0 |
_aLB1031 _b.C346 2008 |
| 082 | 0 | 0 |
_a371.394 _222 _bCAM |
| 100 | 1 |
_aCampbell, Bruce, _d1945- _912638 |
|
| 245 | 1 | 0 |
_aHandbook of Differentiated Instruction Using the Multiple Intelligences : _bLesson Plans and More / _cBruce Campbell. |
| 260 |
_aBoston : _bPearson Education/Allyn & Bacon, _cc2008. |
||
| 263 | _a0712 | ||
| 300 |
_axiv, 150 p. : _bill.; _c25 cm. |
||
| 504 | _aIncludes bibliographical references and index. | ||
| 505 | 0 | _aPreparing the classroom for differentiated instruction -- Preparing the students and parents for differentiated instruction through multiple intelligences -- Preparing for differentiation with MI -- Differentiating assessment in an MI classroom -- Differentiated lessons using MI -- Preparing students for self-directed learning in a differentiated classroom -- Differentiating instruction using MI curriculum units. | |
| 650 | 0 |
_aIndividualized instruction _vHandbooks, manuals, etc. _912639 |
|
| 650 | 0 |
_aMultiple intelligences _vHandbooks, manuals, etc. _912640 |
|
| 856 | 4 | 1 |
_3Table of contents only _uhttp://www.loc.gov/catdir/toc/ecip081/2007038709.html |
| 942 |
_2ddc _cBB |
||
| 999 |
_c13670 _d13670 |
||